000 00779cab a2200253 4500
001 ABS43884
008 090401t1990 xxu||||| |||| 00| 0 eng d
035 _a(Sirsi) u44091
041 _aeng
100 _aMcLaughlin, B.
245 _aPlanning and agriculture - a changing relationship
260 _c1990
350 _a0
490 _aPlanner
_v76(49) 14 December 1990, 75-78(4)
520 _aConcentrates on the way, in which planning policies affect agriculture, which is losing supremacy over most planning issues and how the move to farm diversification fits in.
650 _aFORESTRY
650 _aLand use
_96251
650 _aSET ASIDE
650 _aSHEEP FARMING
650 _aWOODLAND
690 _aRURAL PRACTICE
942 _n0
948 _c04/03/1997
999 _c28110
_d28110